000 00752nam a2200241Ia 4500
003 OSt
005 20220923222806.0
006 a|||||r|||| 00| 0
007 ta
008 220922b |||||||| |||| 00| 0 hin d
024 _a208,033
037 _cTextual
040 _aARTS
_cARTS
_bhin
041 _2hin
_ahin
082 _aO152,3NSA18x1, N4
100 _aशबनग, नीर
245 0 _aबंद लिफाफा (प्रेम कहानियां)
246 _aBanda lifāfā (prem kahāniyāan)
260 _aइलाहाबाद
_b लीला प्रका0
_c1994
300 _a150पृ.
_ccm.
942 _hO152,3NSA18x1, N4
_cTEXL
_2CC
999 _c358629
_d358629